000 00842cab a2200241 4500
001 ABS51825
008 090401t1994 xxu||||| |||| 00| 0 eng d
035 _a(Sirsi) u45482
041 _aeng
110 _aTouche Ross
_9233
245 _aIncorporation for surveyors
260 _c1994
350 _a0
490 _aTouche Ross Professional Practices Update
_vAutumn 1994, (3)
520 _aDiscusses factors to consider when determining the advantages of incorporation, including fiscal considerations, limited liability, other financial matters, management of the business and the flexibility of the business vehicle.
650 _aINCORPORATION
650 _aLIMITED LIABILITY
650 _aRICS
650 _aSURVEYORS
690 _aMANAGEMENT-BUSINESS MANAGEMENT-PROFESSIONAL PRACTICE
942 _n0
948 _c04/03/1997
999 _c28842
_d28842